Corporate governance : (Record no. 186607)

MARC details
000 -LEADER
fixed length control field 00986nam a22002771i 4500]
003 - CONTROL NUMBER IDENTIFIER
control field MY-SjTCS
005 - DATE AND TIME OF LATEST TRANSACTION
control field 20241224141855.0
008 - FIXED-LENGTH DATA ELEMENTS--GENERAL INFORMATION
fixed length control field 241217s2021 un ||||| ||b| 001 0 eng d
020 ## - INTERNATIONAL STANDARD BOOK NUMBER
International Standard Book Number 9786177309177
Qualifying information hardback
040 ## - CATALOGING SOURCE
Original cataloging agency MY-SjTCS
Language of cataloging eng
Transcribing agency MY-SjTCS
Description conventions rda
043 ## - GEOGRAPHIC AREA CODE
Geographic area code e-uk--
082 04 - DEWEY DECIMAL CLASSIFICATION NUMBER
Classification number 658.4
Item number ALH 2021
100 1# - MAIN ENTRY--PERSONAL NAME
Personal name AlHares, Aws,
Relator term author.
9 (RLIN) 308160
245 10 - TITLE STATEMENT
Title Corporate governance :
Remainder of title theoretical essentials and international practices /
Statement of responsibility, etc. Aws AlHares, Naser Ibrahim Abumustafa.
264 #1 - PRODUCTION, PUBLICATION, DISTRIBUTION, MANUFACTURE, AND COPYRIGHT NOTICE
Place of production, publication, distribution, manufacture Sumy, Ukraine :
Name of producer, publisher, distributor, manufacturer Virus Interpress,
Date of production, publication, distribution, manufacture, or copyright notice [2021]
300 ## - PHYSICAL DESCRIPTION
Extent 121 pages ;
Dimensions 26 cm
336 ## - CONTENT TYPE
Content type term text
Source rdacontent
337 ## - MEDIA TYPE
Media type term unmediated
Source rdamedia
338 ## - CARRIER TYPE
Carrier type term volume
Source rdacarrier
504 ## - BIBLIOGRAPHY, ETC. NOTE
Bibliography, etc. note Includes bibliograhical references and index.
650 #0 - SUBJECT ADDED ENTRY--TOPICAL TERM
Topical term or geographic name entry element Corporate governance.
9 (RLIN) 204003
650 #0 - SUBJECT ADDED ENTRY--TOPICAL TERM
Topical term or geographic name entry element Corporate governance
Geographic subdivision Great Britain
9 (RLIN) 15183
650 #0 - SUBJECT ADDED ENTRY--TOPICAL TERM
Topical term or geographic name entry element Directors of corporations
9 (RLIN) 205025
700 1# - ADDED ENTRY--PERSONAL NAME
Personal name Abumustafa, Naser Ibrahim,
Relator term author.
9 (RLIN) 308161
920 ## - Programme
Programme SOAF : 331878
Holdings
Withdrawn status Lost status Source of classification or shelving scheme Damaged status Not for loan Home library Current library Date acquired Cost, normal purchase price Total Checkouts Barcode Date last seen Price effective from Koha item type Public note
    Dewey Decimal Classification     Taylor's Library-TU Taylor's Library-TU 02/11/2021 869.00   5000166157 02/11/2021 02/11/2021 Main Collection SOAFx,13610,03,RA